00781 2200193 4500001002100000005001500021035002000036007000300056008004100059082001400100084002000114245026700134260007600401300003500477650001200512700001600524110003300540990001400573INLIS00000000000465820260130103458 a0010-0126000157ta260130 g 0 ind  a331.221.4 a331.221.4 DIR p1 aPenetapan Kinerja PK Satker Lingkup Direktorat Jenderal Perkebunan Tahun 2012, Kementrian Pertanian Direktorat Jendral Perkebunan /cPenetapan Kinerja PK Satker Lingkup Direktorat Jenderal Perkebunan Tahun 2012, Kementrian Pertanian Direktorat Jendral Perkebunan aJakarta :bDirektorat Jenderal Perkebunan, Kementerian Pertanian,c2012 ai, 421 hlm :bilus. ;c24,5 cm 4aKinerja0 aGamal Nasir0 aDirektur Jenderal Perkebunan aBUN028714